Barcelona... ¿Futura capital del deporte?
Descripción Física:
Il·lustracions
Colección:
San Jorge,
; núm. 21 (gener 1956), pàg 44-45
Materias:
Turisme i urbanisme -- Barcelona (Catalunya)
; Instal·lacions esportives -- Barcelona (Catalunya)
Idioma:
Español
MARC
| LEADER | 00000naa a2200000 a 4500 | ||
|---|---|---|---|
| 003 | Arxiu | ||
| 005 | 20260324181042.0 | ||
| 008 | 160829s1956 spcaxx s spa c | ||
| 040 | |a AGDB | ||
| 245 | 0 | 0 | |a Barcelona... ¿Futura capital del deporte? |
| 300 | |b Il·lustracions | ||
| 490 | |a San Jorge, |v núm. 21 (gener 1956), pàg 44-45 | ||
| 590 | |a Conté dues fotografies de la maqueta realitzada per Antonio Perpiñá | ||
| 650 | 0 | |a Turisme i urbanisme |9 33584 |z Barcelona (Catalunya) | |
| 650 | 0 | |a Instal·lacions esportives |z Barcelona (Catalunya) |9 33585 | |
| 773 | |g Núm. 21 (gener 1956), pàg 44-45 |t San Jorge | ||
| 901 | |a Arxiu | ||
| 942 | |n 1 |2 udc |c ART | ||
| 952 | |0 0 |1 0 |4 0 |6 REV511 |7 1 |9 65470 |a Arxiu |b Arxiu |d 2023-03-06 |l 0 |o Rev-511 |r 2023-03-06 00:00:00 |w 2023-03-06 |y ARXIU |z També disponible a Rev-525 | ||
| 999 | |c 49887 |d 49887 | ||